000 00358nam a2200145Ia 4500
008 240624s9999 xx 000 0 und d
041 _aeng
082 _a346.066 MAJ
100 _aMAJUMDAR A K
245 _aSTUDENTS GUIDE TO COMPANY LAW
250 _a(9th ed.)
260 _c2005
_aNew Delhi
_bTaxman
300 _axxiv, : 641 : p. : cm. ; 24
365 _cRS
999 _c2625
_d2625